Motores diesel, tractores y turbinas de gases

Guardat en:
Dades bibliogràfiques
Autor principal: Varela Romero, Wenceslao (Autor)
Format: Llibre
Idioma:espanyol
Publicat: Rancagua W.Varela R 1970
Edició:3a. ed
Matèries:
Etiquetes: Afegir etiqueta
Sense etiquetes, Sigues el primer a etiquetar aquest registre!

MARC

LEADER 00000nam a2200000 a 4500
001 UCP1144
003 CL-VaPUC
008 990326e19700000CL |||||||||||||||||spa|d
082 0 4 |a 621.43  |b VAR  |2 21 
100 0 |a Varela Romero, Wenceslao  |e author  |9 426997 
245 1 0 |a Motores diesel, tractores y turbinas de gases 
250 |a 3a. ed 
300 |a v 
942 |c BK 
945 |d 19990326 00:00:00  |a lriquelm 
260 |a Rancagua  |b W.Varela R  |c 1970 
650 0 |a Motores de combustión interna  |9 261038 
650 0 |a Motores Diésel  |9 271572 
650 7 |a TRACTORES  |2 CL-VaPUC  |9 326395 
650 7 |a TURBINA DE GAS  |2 CL-VaPUC  |9 426998 
650 7 |a MANTENIMIENTO Y REPARACION  |2 CL-VaPUC  |9 260850 
583 |a last modification  |c 19990326 00:00:00  |k Rodrigo Vera 
999 |c 279856  |d 279854